000
00318nam a22001337a 4500
008
181019b xxu||||| |||| 00| 0 eng d
020
_a
0443087598
041
_a
eng
080
_a
616
100
_a
9
101
_a
PAT
245
_a
Cases Pathology A clinical Approach For Student
_c
Klionsky.B
942
_2
udc
_c
BK
999
_c
50216
_d
50216